APAH - Name Style of Artwork - Statistics

General Stats
  • This quiz has been taken 11 times
  • The average score is 17 of 30
Answer Stats
Artwork Culture / Style % Correct
Woman I Abstract Expressionism
100%
Anavysos Kouros Archaic Greek
100%
Peplos Kore Archaic Greek
100%
Ruler's feather headresss Aztec
100%
Calling of Saint Matthew Baroque
100%
Henri IV Receives the Portrait of Marie de' Medici Baroque
100%
Self-Portrait with Saskia Baroque
100%
Ecstasy of Saint Teresa Baroque
100%
Angel with Arquebus, Asiel Timor Dei Baroque
100%
The Palace at Versailles Baroque
100%
Spaniard and Indian Produce a Mestizo Baroque
100%
Carson, Pirie, Scott and Company Building Chicago Style
100%
Doryphoros Classical Greek
100%
Great Pyramids and Great Sphinx Fourth Dynasty Egyptian
100%
Improvisation 28 (second version) German Expressionism
100%
Memorial Sheet for Karl Liebknecht German Expressionism
100%
Chartes Cathedral Gothic
100%
Narcissus Garden Happenings
100%
Augustus of Prima Porta Imperial Roman
100%
The Saint-Lazare Station Impressionism
100%
The Coiffure Impressionism
100%
Maize cobs Inca
100%
City of Machu Picchu Inca
100%
All-T'oqapu tunic Inca
100%
Villa Savoye International Style
100%
Seagram Building International Style
100%
Santa Sabina Late Antique Europe
100%
Bandolier bag Lenape
100%
Entombment of Christ Mannerism
100%
Yaxchilàn Mayan
100%
Lamassu Neo-Assyrian
100%
Running Horned Woman Neolithic
100%
Anthropomorphic stele Neolithic
100%
Jade cong Neolithic
100%
Stonehenge Neolithic
100%
The Ambum Stone Neolithic
100%
Terra cotta fragment Neolithic
100%
Annunciation Tripytch Northern Renaissance
100%
The Arnolfini Portrait Northern Renaissance
100%
Isenheim altarpiece Northern Renaissance
100%
Allegory of Law and Grace Northern Renaissance
100%
Marilyn Dipytch Pop Art
100%
Lipstick (Ascending) on Caterpillar Tracks Pop Art
100%
The Starry Night Post-Impressionism
100%
Mesa Verde cliff dwellings Puebloan
100%
The Burghers of Calais Realism
100%
David Renaissance
100%
Madonna and Child Renaissance
100%
Head of a Roman patrician Republican Roman
100%
The Swing Rococo
100%
Church of Sainte-Foy Romanesque
100%
Bayeux Tapestry Romanesque
100%
Y no hai remedio Romanticism
100%
Liberty Leading the People Romanticism
100%
The Oxbow Romanticism
100%
Object (Le Déjeuner en fourrure) Surrealism
100%
The Kiss Symbolism and Art Nouveau
100%
Great Mosque at Córdoba Umayyad (Islamic)
100%
Pyxis of al-Mughira Umayyad (Islamic)
100%
Niobides Krater Classical Greek
75%
The Oath of the Horatii Neoclassicism
75%
Sarcophagus of the Spouses Etruscan
67%
Seated boxer Hellenistic Greek
67%
School of Athens High Renaissance
67%
The Stone Breakers Realism
67%
Pazzi Chapel Renaissance
67%
Adam and Eve Northern Renaissance
60%
Las Meninas Baroque
50%
Grave stele of Hegoso Classical Greek
50%
Illustration from The Results of the First Five-Year Plan Constructivism
50%
Tomb of the Triclinium Etruscan
50%
Goldfish Fauvism
50%
Athenian agora Greek
50%
Il Gesù, including Triumph of the Name of Jesus ceiling fresco High Mannerism and Baroque
50%
Colosseum Imperial Roman
50%
Ludovisi Battle Sarcophagus Late Imperial Roman
50%
Monticello Neoclassicism
50%
Palette of King Narmer Predynastic Egyptian
50%
Arena (Scovengi) Chapel, including Lamentation Proto-Renaissance
50%
Olympia Realism
50%
Alexander Mosaic Republican Roman
50%
La Grande Odalisque Romanticism
50%
The Valley of Mexico from the Hillside of Santa Isabel Romanticism
50%
White temple and its ziggurat Sumerian
50%
Woman Holding a Balance Baroque
33%
The Portuguese Cubism
33%
The Bay Color Field Paintings
25%
Hagia Sophia Early Byzantine
25%
Frontispiece of the Codex Mendoza Aztec
0%
Templo Mayor Aztec
0%
The Code of Hammurabi Babylon
0%
San Carlo alle Quattro Fontane Baroque
0%
Screen with the Siege of Belgrade and hunting scene Baroque
0%
The Virgin of Guadalupe Baroque
0%
Fruit and Insects Baroque
0%
The Tête à Tête Baroque
0%
Portrait of Sor Juana Inés de la Cruz Baroque
0%
A Philosopher Giving a Lecture on the Orrery Baroque
0%
Chavìn de Huántar Chavìn
0%
Acropolis Classical Greek
0%
Mosque of Selim II Classical Ottoman (Islamic)
0%
Les Demoiselles d'Avignon Cubism
0%
Composition with Red, Blue and Yellow De Stijl
0%
Vienna Genesis Early Byzantine
0%
San Vitale Early Byzantine
0%
Virgin (Theotokos) and Child between Saints Thedore and George Early Byzantine
0%
Painted elk hide Eastern Shoshone
0%
Temple of Minerva and sculpture of Apollo Etruscan
0%
Seated scribe Fourth Dynasty Egyptian
0%
King Menkaura and queen Fourth Dynasty Egyptian
0%
Self-Portrait as a Soldier German Expressionism
0%
Bibles moralisées Gothic
0%
Röttgen Pietà Gothic
0%
Golden Haggadah Gothic
0%
The Migration of the Negro, Panel no. 49 Harlem Renaissance
0%
Winged Victory of Samothrace Hellenistic Greek
0%
Great Altar of Zeus and Athena Hellenistic Greek
0%
Lindisfarne Gospels Hiberno-Saxon; Early medieval Europe
0%
Last Supper High Renaissance
0%
Sistine Chapel ceiling and altar frescoes High Renaissance
0%
Venus of Urbino High Renaissance
0%
House of the Vettii Imperial Roman
0%
Forum of Trajan Imperial Roman
0%
Pantheon Imperial Roman
0%
City of Cusco, including Qorikancha Inca
0%
Transformation mask Kwakwaka'wakw
0%
Catacomb of Priscilla Late Antique Europe
0%
Merovingian looped fibulae Merovingian; Early medieval Europe
0%
Dream of a Sunday Afternoon in the Alameda Park Mexican Muralist
0%
Great Serpent Mound Mississippian
0%
Alhambra Nasrid-Moorish (Islamic)
0%
George Washington Neoclassicism
0%
Palace of Westminster Neo-Gothic
0%
Beaker with ibex motifs Neolithic
0%
Tlatilco female figurine Neolithic
0%
Akhenton, Nefertiti, and three daughters New Kingdom (Amarna) Egyptian
0%
Temple of Amun Re New Kingdom Egyptian
0%
Mortuary temple of Hatshepsut New Kingdom Egyptian
0%
Tutankhaum's tomb New Kingdom Egyptian
0%
Last judgement of Hu-Nefer New Kingdom Egyptian
0%
Hunters in the Snow Northern Renaissance
0%
Fallingwater Organic Architecture
0%
Apollo 11 Stones Paleolithic
0%
Hall of Bulls Paleolithic
0%
Audience Hall of Darius and Xerxes Persian
0%
Where Do We Come From? What Are We? Where Are We Going? Post-Impressionism
0%
House in New Castle Country Post-Modernism
0%
Camelid sacrum in the shape of a canine Prehistoric
0%
Mont Sainte-Victoire Proto-Cubism
0%
The Kiss Proto-Cubism
0%
Black-on-black ceramic vessel Puebloan
0%
Nadar Raising Photography to the Height of Art Realism
0%
The Horse in Motion Realism
0%
Palazzo Rucellai Renaissance
0%
Birth of Venus Renaissance
0%
Self-Portrait Rococo
0%
Still Life in Studio Romanticism
0%
Slave Ship Romanticism
0%
Spiral Jetty Site Art
0%
Statues of votive figures Sumerian
0%
Standard of Ur Sumerian
0%
The Two Fridas Surrealism
0%
The Jungle Surrealism
0%
The Scream Symbolism
0%
No matching quizzes found
Score Distribution
Percent of People with Each Score
Percentile by Number Answered
Your Score History
You have not taken this quiz